My Chemical Romance - You Know What They Do to Guys Like Us lyrics - Statistics

General Stats
  • This quiz has been taken 94 times
  • The average score is 261 of 295
Answer Stats
Hint Answer % Correct
center
100%
gunfight
100%
I
100%
1 In
100%
in
100%
middle
100%
of
100%
the
100%
a
98%
say
98%
Say
98%
They
98%
they
98%
arms
97%
bullet
97%
Come
97%
do
97%
Do
97%
get
97%
go
97%
gonna
97%
high
97%
like
97%
me
97%
never
97%
raised
97%
To
97%
to
97%
with
97%
you
97%
your
97%
Your
97%
can
95%
doves
95%
flock
95%
On
95%
on
95%
prayer
95%
restaurant
95%
this
95%
again
93%
be
93%
but
93%
But
93%
can't
93%
don't
93%
mother's
93%
same
93%
they're
93%
through
93%
Well
93%
well
93%
against
92%
God
92%
how
92%
if
92%
just
92%
life
92%
Life
92%
make
92%
my
92%
My
92%
will
92%
Will
92%
and
90%
And
90%
know
90%
late
90%
made
90%
much
90%
nobody
90%
Nobody
90%
Too
90%
too
90%
us
90%
enough
89%
men
89%
myself
89%
not
89%
or
89%
Or
89%
two
89%
war
89%
dare
87%
drag
87%
faith
87%
I'll
87%
lips
87%
losing
87%
Now
87%
now
87%
as
85%
dying
85%
kiss
85%
push-ups
85%
all
84%
chair
84%
wage
84%
wish
84%
cares
82%
have
82%
injection
82%
knows
82%
seen
82%
trouble
82%
eyes
80%
for
80%
give
80%
I've
80%
lethal
80%
room
80%
we're
80%
yourself
80%
ask
79%
from
79%
killer
79%
long
79%
miss
79%
remember
79%
rope
79%
want
79%
you're
79%
cellmate's
77%
hotel
77%
I'm
77%
mom
75%
So
75%
fire
74%
Fire
74%
keys
74%
motherfucker
74%
swing
74%
yeah
74%
are
72%
down
72%
is
72%
Am
70%
friends
70%
lost
69%
Why
69%
by
67%
won't
67%
What
66%
heart
64%
cards
62%
dead
62%
dream
62%
Pain
62%
Cause
59%
checkers
59%
at
56%
cheat
56%
string
36%
I can't complain
7%
I can't explain
5%
No matching quizzes found
Score Distribution
Percent of People with Each Score
Percentile by Number Answered
Your Score History
You have not taken this quiz